Landen met de meeste buren - Statistieken

Algemene statistieken
  • Deze quiz is 57 keer genomen
  • De gemiddelde score is 12 van 20
Antwoordstatistieken
Bevolking (miljard) Buurlanden Land % Correct
2,114 14 China
95%
1,602 14 Rusland
91%
1,935 6 India
86%
1,587 2 Mongolië
72%
2,992 4 Pakistan
67%
1,465 2 Bangladesh
65%
0,433 7 Iran
65%
1,633 5 Kazachstan
63%
0,362 3 Mexico
63%
2,861 2 Nepal
63%
1,827 6 Afghanistan
60%
3,114 5 Myanmar
60%
2,861 2 Bhutan
58%
1,688 5 Laos
58%
1,634 3 Noord-Korea
58%
1,501 4 Kirgizië
51%
1,489 3 Vietnam
51%
1,526 4 Tadzjikistan
49%
0,428 10 Frankrijk
40%
0,386 6 Zuid-Soedan
14%
Geen overeenkomende quizzen gevonden
Scoreverdeling
Procent van Mensen met Elke Score
Percentiel versus Aantal Correcte Antwoorden
Uw Scoregeschiedenis
U heeft deze quiz nog niet genomen